Pre-Merger NFL Champions Quiz - Statistics

General Stats
  • This quiz has been taken 17 times
  • The average score is 30 of 50
Answer Stats
Year Team % Correct
1966 Green Bay Packers
100%
1967 Green Bay Packers
100%
1958 Baltimore Colts
83%
1963 Chicago Bears
83%
1961 Green Bay Packers
83%
1969 Minnesota Vikings
83%
1959 Baltimore Colts
75%
1968 Baltimore Colts
75%
1943 Chicago Bears
75%
1954 Cleveland Browns
75%
1955 Cleveland Browns
75%
1964 Cleveland Browns
75%
1953 Detroit Lions
75%
1962 Green Bay Packers
75%
1965 Green Bay Packers
75%
1960 Philadelphia Eagles
75%
1940 Chicago Bears
67%
1941 Chicago Bears
67%
1946 Chicago Bears
67%
1950 Cleveland Browns
67%
1952 Detroit Lions
67%
1957 Detroit Lions
67%
1948 Philadelphia Eagles
67%
1949 Philadelphia Eagles
67%
1922 Canton Bulldogs
58%
1933 Chicago Bears
58%
1945 Cleveland Rams
58%
1935 Detroit Lions
58%
1936 Green Bay Packers
58%
1939 Green Bay Packers
58%
1944 Green Bay Packers
58%
1956 New York Giants
58%
1937 Washington Redskins
58%
1942 Washington Redskins
58%
1932 Chicago Bears
50%
1947 Chicago Cardinals
50%
1921 Chicago Staleys
50%
1929 Green Bay Packers
50%
1930 Green Bay Packers
50%
1931 Green Bay Packers
50%
1951 Los Angeles Rams
50%
1923 Canton Bulldogs
42%
1938 New York Giants
42%
1920 Akron Pros
33%
1925 Chicago Cardinals
33%
1924 Cleveland Bulldogs
33%
1934 New York Giants
33%
1927 New York Giants
25%
1928 Providence Steam Roller
25%
1926 Frankford Yellow Jackets
17%
No matching quizzes found
Score Distribution
Percent of People with Each Score
Percentile by Number Answered
Your Score History
You have not taken this quiz